000 00560nam a2200229Ia 4500
003 OSt
005 20221005125535.0
006 a|||||r|||| 00| 0
007 ta
008 221004b |||||||| |||| 00| 0 eng d
024 _a53696
037 _cTextual
040 _aCRL
_cCRL
_beng
041 _2eng
_aeng
082 _aRz7, K82.1
100 _aGill Jerry H,Ed.
_9636799
245 0 _aPhilosophy today vol.1.
260 _c1968
650 _aPHILOSOPHY
942 _hRz7, K82.1
_cTEXL
_2cc
999 _c1054308
_d1054308